Statystyki dla Flagi Ameryki Północnej

Kliknij tutaj aby rozwiązać quiz!

Ogólne statystyki

  • Ten quiz został rozwiązany 100 razy
  • Średni wynik to 23 z 38

Statystyki odpowiedzi

Odpowiedź% Poprawnych
Stany Zjednoczone
97%
Dominika
92%
Dominikana
88%
Kanada
88%
Meksyk
86%
Barbados
83%
Jamajka
83%
Kuba
83%
Panama
81%
Bahamy
80%
Haiti
80%
Honduras
80%
Kostaryka
77%
Salwador
77%
Belize
75%
Gwatemala
75%
Nikaragua
75%
Saint Lucia
73%
Grenada
69%
Saint Kitts i Nevis
67%
Grenlandia
66%
Saint Vincent i Grenadyny
66%
Antigua i Barbuda
64%
Portoryko
56%
Bermudy
41%
Kajmany
41%
Anguilla
39%
Brytyjskie Wyspy Dziewicze
36%
Gwadelupa
36%
Wyspy Dziewicze Stanów Zjednoczonych
36%
Martynika
31%
Montserrat
23%
Turks i Caicos
23%
Saba
20%
Saint-Pierre i Miquelon
20%
Sint Maarten
19%
Sint Eustatius
16%
Saint-Barthélemy
13%

Rozkład punktacji

Percentyl według liczby udzielonych odpowiedzi

Procent ludzi z każdym wynikiem

Twoja historia wyników

Nie rozwiązałeś tego quizu